000 00401nam a22001337a 4500
999 _c67432
_d67429
100 _aAaksh Ali Sahito
_a17MSIT01
245 _aSarcasm Detection of Political News on Social Media
260 _aNawabshah
_bQuest
_c2021
300 _a21p.
650 _aMaster of Science in Information Science
700 _aDepartment of Information Science
856 _uhttps://tinyurl.com/f5ynm78j
942 _cTHESIS